Statistics for 100 Greatest TV Shows of all time - according to the Writer's Guild of America

Click here to take the quiz!

General Stats

  • This quiz has been taken 2,451 times
  • The average score is 18 of 100

Answer Stats

HintAnswer% Correct
#24Friends
83%
#13Breaking Bad
64%
#11The Simpsons
59%
#2Seinfeld
58%
#40Game of Thrones
53%
#1The Sopranos
53%
#8Cheers
50%
#52The Office (UK)
45%
#67The Office (US)
45%
#5MASH
42%
#28ER
41%
#12I Love Lucy
39%
#9The Wire
38%
#23Frasier
37%
#27Lost
37%
#74House
34%
#44Law and Order
32%
#64South Park
32%
#4All in the Family
31%
#7Mad Men
30%
#34Modern Family
29%
#29The Cosby Show
29%
#69Golden Girls
27%
#66Dexter
25%
#33Star Trek
25%
#25Saturday Night Live
24%
#81Star Trek: The Next Generation
24%
#10The West Wing
24%
#26The XFiles
24%
#16Arrested Development
22%
#39Sex and the City
22%
#6The Mary Tyler Moore Show
22%
#72Roseanne
21%
#7124
19%
#63Everybody Loves Raymond
19%
#95Family Ties
19%
#35Twin Peaks
19%
#2130 Rock
18%
#100Oz
18%
#3Twilight Zone
18%
#49Buffy the Vampire Slayer
17%
#36NYPD Blue
17%
#18Six Feet Under
17%
#94Will and Grace
17%
#15Hill Street Blues
16%
#19Taxi
16%
#14The Dick Van Dyke Show
16%
#30Curb Your Enthusiasm
15%
#85Gunsmoke
14%
#70The Andy Griffith Show
14%
#43Downton Abbey
13%
#55LA Law
13%
#48Homeland
11%
#75Murphy Brown
11%
#56Sesame Street
11%
#93Boardwalk Empire
10%
#32Deadwood
10%
#60Freaks and Geeks
10%
#73The Shield
10%
#57Columbo
9%
#47St. Elsewhere
9%
#41The Bob Newhart Show
9%
#37The Carol Burnett Show
9%
#31The Honeymooners
9%
#54The Wonder Years
9%
#88Band of Brothers
8%
#38Battlestar Galactica (2005)
8%
#58Fawlty Towers
8%
#22Friday Night Lights
8%
#80Monty Pythons Flying Circus
8%
#99Late Night with David Letterman
7%
#17The Daily Show with John Stewart
7%
#51The Good Wife
7%
#78The Odd Couple
7%
#76Barney Miller
6%
#97Soap
6%
#83Get Smart
5%
#46Homicide: Life on the Street
5%
#86Justified
5%
#61Moonlighting
5%
#68My So Called Life
5%
#62Roots
5%
#89Rowan and Martin's Laugh-In
5%
#20The Larry Sanders Show
5%
#59The Rockford Files
5%
#53Northern Exposure
4%
#50The Colbert Report
4%
#98The Fugitive
4%
#92The Muppet Show
4%
#45Thirty Something
4%
#79Alfred Hitchcock Presents
3%
#42Your Show of Shows
3%
#90The Prisoner
2%
#82Upstairs, Downstairs
2%
#91Absolutely Fabulous
1%
#77I, Claudius
1%
#96Lonesome Dove
1%
#65Playhouse 90
1%
#87Sgt. Bilko/The Phil Silvers Show
1%
#84The Defenders
1%

Score Distribution

Percentile by Number Answered

Percent of People with Each Score

Your Score History

You have not taken this quiz